banner-ar

LE REGARD ET LA MEMOIRE: PORTRAITS - SAUVENIRS DE ATLAN AND POLIAKAFF, DUBERFFET / (Record no. 16174)

MARC details
000 -الفاتح
حقل البيانات ثابتة الطول 00511nam a2200181Ia 4500
008 - عناصر البيانات ثابتة الطول - معلومات عامة
حقل البيانات ثابتة الطول 140319s9999 xx 000 0 eng d
040 ## - مصدر الفهرسة
وكالة الفهرسة الأصلية GCL /
وكالة النسخ GCL
082 04 - رقم تصنيف ديوى العشرى
رقم التصنيف 700.92
رقم المادة R R
100 1# - المدخل الرئيسى - إسم شخصى
الإسم الشخصى RAGON, MICHEL
245 10 - بيان العنوان
العنوان LE REGARD ET LA MEMOIRE: PORTRAITS - SAUVENIRS DE ATLAN AND POLIAKAFF, DUBERFFET /
بيان المسئوليه,etc RAGON, MICHEL
260 ## - PUBLICATION, DISTRIBUTION, ETC. (IMPRINT)
تاريخ النشر أو التوزيع 1998
300 ## - الوصف المادى
التعداد 199 P
650 04 - المدخل الاضافى بالموضوع-مصطلح موضوعى
مصطلح موضوعي ARTS
650 04 - المدخل الاضافى بالموضوع-مصطلح موضوعى
مصطلح موضوعي BIOGRAPHIES
650 04 - المدخل الاضافى بالموضوع-مصطلح موضوعى
مصطلح موضوعي ARTIST - BIOGRAPHIES
942 ## - عناصر المدخل الإضافي( كوها)
مصدر التصنيف او مخطط الترفيف Dewey Decimal Classification
Koha [default] item type كتاب
260 ## - PUBLICATION, DISTRIBUTION, ETC. (IMPRINT)
-- [S.N] :
-- ALBIN MICHEL, S.A ،
Holdings
حالة التراجع حالة الفقد حالة تلف ليس للاعارة المكان المؤقت الموقع الحالى تاريخ الاكتساب اجمالي اﻻعارات رقم الطلب الباركود تاريخ اخر مشاهدة تاريخ تفعيل السعر نوع وعاء كوها
        مكتبة القاهرة الكبرى مكتبة القاهرة الكبرى 03/26/2014   700.92\R R 29551 03/26/2014 03/26/2014 كتاب

Powered By

EGPV